00692nab a2200193uuc450000100070000000500170000700800410002403500110006503500210007604000130009704100080011010000360011824500770015465000330023165000330026477301720029794200100046999900190047996939420240701143702.0060331e20051201 spa  a969394 a(OCoLC)820346823 ccomduadb aspa10aHorvath, John4auteaut941452210aViejos y nuevos resultados sobre integrales singulares e hipersingulares 0aEcuaciones integrales949521 aOperadores integrales9156160 tRevista de la Academia Colombiana de Ciencias Exactas, Físicas y Naturales (Bogotá)gVolumen 29, Número 113, Diciembre 2005, p. 547-569w100681x0370-3908093888 cARIMP c381913d381913